1216 1376 1474 1806 1185 1663 1672 1202 1647 1599 1529 1840 1553 1562 1053 1707 1589 1502 1992 1619 1022 1039 1305 1258 1105 1029 1987 1401 1785 1479 1040 1107 1268 1693 1917 1437 1594 1635 1720 1853 1750 1459 1751 1276 1822 1374 1941 1493 1092 1469 1498 1949 1383 1992 1476 1928 1727 1963 1246 1014 1994 1932 1871 1144 1610 1972 1520 1199 1504 1006 1036 1205 1321 1241 1407 1637 1644 1336 1993 1477 1093 1709 1369 1517 1099 1852 1457 1899 1226 1346 1395 1034 1551 1553 1851 1144 1479 1558 1763 BCNSPRNW ULIB Ver.6.0+V

เปลี่ยนเป็นภาษาไทย

Change to English
 แสดงรายละเอียดบรรณานุกรม
  กลับหน้าหลัก

Brief Record : Get Marc (ISO 2709) : E-mail record : QR code < ปิดหน้าต่าง
LEADER : 00000nam 2200000uu 4500
001    13399115037
003     ULIB
008    020711s2552 th a 000 0 tha d
020    ^a9789742128951
082 04 ^aรส.^bร795T
090    ^aรส.^bร795T
100    ^aWilkie Collins
245    ^aปริศนาหญิงชุดขาว/^cilkie Collins
260    ^aกรุงเทพฯ :^bซีเอ็ด,^c2552
300    141 หน้า
500    ชุดอ่านอังกฤษ เก่งอังกฤษ
501    Stage 6
945    ^p125^l0^i028460
999 ^a ทศพร
รายการนี้ยังไม่มีแท็ก
คุณยังไม่ได้ล็อกอิน คุณสามารถมีกิจกรรมร่วมกับเว็บไซต์ได้ แต่ต้องล็อกอินก่อน ::
  ล็อกอิน

รายการสื่อสารสนเทศ

ลำดับที่ ประเภท เลขเรียก/บาร์โค้ด สถานที่ สถานะ
1. นวนิยาย
นวนิยาย
รส. ร795T รส. ร795T ฉ.1 
  Barcode: 028460
ห้องสมุดวิทยาเขตสวรรค์ประชารักษ์
►นวนิยาย
บนชั้น
  ขอยืม

BibComment


ยังไม่เคยถูกคอมเมนท์

คอมเมนท์ทรัพยากรรายการนี้
  คอมเมนท์: ปริศนาหญิงชุดขาว..


 Copyright 2026. Bcnsprnw @Library